00241nam a2200085Ia 4500008004100000082001400041245005200055260003700107300001100144230907s9999||||xx |||||||||||||| ||und|| a6.37bSON 0aImage Processing, Analysis And Machine Vision / aCengage Learning,bDelhi :c2017 a870 p.